00754nam a2200241 a 4500001001300000003000900013005001700022008004100039020002300080082002000103100001900123245005900142260004300201500003500244505001000279650001700289650001900306700001900325902000800344942000700352952013600359999001700495nice12345678IN_TiNIC20260116014100.0110909s2011 oxfa grp 000 0 eng  a9781851685561c10000a305.480297bBAD aBadran, Margot aFeminism in Islamb Secular and Religious Convergences aOxford bOne World Publications c2011 aincludes index and biblioraphy2 aindex aMuslim Women aFeminism-Islam1 aBadran, Margot bSRS cBK 001040708StackRoom-aHMIbHMId2011-09-09g100.00l5m2o305.480297 BADp023664r2023-03-10s2023-01-13v100.00w2011-09-09yBK c13799d13799